| 000 | 00549cam a2200205ua 4500 | ||
|---|---|---|---|
| 001 | 22554 | ||
| 008 | 190613n2016 II |||gr||||Z||||||eng | ||
| 040 | _aMAIN | ||
| 041 | _aEnglish | ||
| 100 |
_aSARKAR, SUPRITA, _eAUTHOR. |
||
| 245 | _aINTRODUCTION TO ECONOMIC ZOOLOGY | ||
| 250 | _a1ST ED REP. | ||
| 260 |
_aNEW DELHI _bNEW CENTRAL BOOK AGENCY _c2016 |
||
| 300 |
_a538: _c21CM+ _ePB. |
||
| 500 | _aRUSA MDC GRANT 2014-2017 | ||
| 653 | _aEconomic Zoology | ||
| 700 |
_aKUNDU, GAUTAM, _eAUTHOR. |
||
| 700 |
_aCHAKI, K.K., _eAUTHOR. |
||
| 942 | _cBK | ||
| 999 |
_c22414 _d22414 |
||